LEADER 01116nam0 22002891i 450 001 UON00298858 005 20231205103954.748 010 $a02-08-01492-6 100 $a20070711d1975 |0itac50 ba 101 $aeng 102 $aUS 105 $a|||| 1|||| 200 1 $aHomosexuality and the western christian tradition$fby Derrick Sherwin Bailey 205 $aHamden : Archon Books$b1975 210 $aXII$d181 p. ; 23 cm 215 $aRist. dell'ed.: London$cLongman, 1955. 606 $aOMOSESSUALITA'$3UONC040015$2FI 620 $aUS$dHamden, Connecticut$3UONL004264 676 $a301$cSociologia e antropologia$v21 700 1$aBAILEY$bDerrick Sherwin$3UONV171924$0695379 712 $aArchon Books$3UONV246812$4650 801 $aIT$bSOL$c20240220$gRICA 899 $aSIBA - SISTEMA BIBLIOTECARIO DI ATENEO$2UONSI 912 $aUON00298858 950 $aSIBA - SISTEMA BIBLIOTECARIO DI ATENEO$dSI Angl I C 148 $eSI LO 33076 5 148 996 $aHomosexuality and the western christian tradition$91380321 997 $aUNIOR